000
00288nam a2200109Ia 4500
008
200302s9999 xx 000 0 und d
100
_a
Tony Chapman
245
_a
Archtiecture 09 : Riba Buildings Of The Year
260
_b
Merrell Publishers Limited, London
260
_c
2009
300
_a
269
999
_c
4563
_d
4563